000 00953cam a22002891 4500
001 8332086
003 ARRUPE
005 20141126151250.0
008 750401s1944 xx 000 0 eng
010 _a 44004147
035 _a(OCoLC)1246670
040 _aDLC
_cOCU
_dOCoLC
_dDLC
041 1 _aengger
042 _apremarc
050 0 0 _aD744.4
_b.B29
082 _a940.53152
100 1 _aBarth, Karl,
_d1886-1968.
_912885
245 1 4 _aThe church and the war,
_cby Karl Barth, translated by Antonia H. Froendt, with an introd. by Samuel McCrea Cavert.
260 _aNew York,
_bThe Macmillan company,
_c1944.
300 _axi p., 1 l, 49 p.
_c20 cm.
650 0 _aWorld War, 1939-1945
_xReligious aspects.
_911847
650 0 _aWar
_xReligious aspects.
_912886
650 0 _aReconstruction (1939-1951)
_912887
700 1 _aFroendt, Antonia H.,
_etr.
_912888
906 _a7
_bcbc
_coclcrpl
_du
_encip
_f19
_gy-gencatlg
942 _2lcc
_cMONOGRAPH
999 _c121331
_d121331